[Event "Shepetivka op"]
[Site "Shepetivka"]
[Date "2011.08.19"]
[Round "6"]
[White "Rudenkov, Sergei"]
[Black "Ivanov, Andrey A1111"]
[Result "1/2-1/2"]
[WhiteElo "2021"]
[BlackElo "2239"]
[PlyCount "72"]
[EventDate "2011.08.17"]
[EventType "swiss"]
[EventRounds "9"]
[EventCountry "UKR"]
[SourceTitle "EXT 2012"]
[Source "ChessBase"]
[SourceDate "2011.11.24"]
[SourceVersion "1"]
[SourceVersionDate "2011.11.24"]
[SourceQuality "1"]

1. d4 Nf6 2. c4 e6 3. g3 Bb4+ 4. Bd2 c5 5. Bxb4 cxb4 6. Bg2 Nc6 7. Nf3 d5 8. Ne5 Bd7 9. Nd2 Nxd4 10. cxd5 exd5 11. Ndc4 dxc4 12. Qxd4 Be6 13. Qxd8+ Rxd8 14. Bxb7 0-0 15. Rd1 Rxd1+ 16. Kxd1 b3 17. axb3 cxb3 18. Kd2 Rb8 19. Bf3 Rd8+ 20. Nd3 g5 21. Rc1 Nd7 22. Rc7 Ne5 23. Kc3 Nxd3 24. exd3 a5 25. Rc5 h6 26. d4 a4 27. d5 Bd7 28. Be4 Kg7 29. Ra5 Rc8+ 30. Kd4 Rc1 31. Ra7 Rd1+ 32. Ke5 Be8 33. Ra8 Bb5 34. Ra5 Be8 35. Ra8 Bb5 36. Ra5 Be8 1/2-1/2

[Event "Geller Memorial op-A 6th"]
[Site "Odessa"]
[Date "2010.08.29"]
[Round "9"]
[White "Bolotov, Anton V"]
[Black "Rudenkov, Sergei"]
[Result "1/2-1/2"]
[WhiteElo "2316"]
[BlackElo "1852"]
[PlyCount "26"]
[EventDate "2010.08.21"]
[EventType "swiss"]
[EventRounds "9"]
[EventCountry "UKR"]
[SourceTitle "CBM 138 Extra"]
[Source "ChessBase"]
[SourceDate "2010.10.29"]
[SourceVersion "1"]
[SourceVersionDate "2010.10.29"]
[SourceQuality "1"]

1. e4 e5 2. Nf3 Nc6 3. Bb5 a6 4. Ba4 b5 5. Bb3 Nf6 6. 0-0 d6 7. Nc3 Be7 8. d3 0-0 9. Be3 Bb7 10. Re1 Re8 11. Ne2 Bf8 12. Ng5 Re7 13. Nf3 Re8 1/2-1/2

[Event "Geller Memorial op-A 6th"]
[Site "Odessa"]
[Date "2010.08.28"]
[Round "8"]
[White "Rudenkov, Sergei"]
[Black "Daryev, Sergey"]
[Result "1-0"]
[WhiteElo "1852"]
[BlackElo "2028"]
[PlyCount "79"]
[EventDate "2010.08.21"]
[EventType "swiss"]
[EventRounds "9"]
[EventCountry "UKR"]
[SourceTitle "CBM 138 Extra"]
[Source "ChessBase"]
[SourceDate "2010.10.29"]
[SourceVersion "1"]
[SourceVersionDate "2010.10.29"]
[SourceQuality "1"]

1. d4 Nf6 2. c4 e6 3. g3 Bb4+ 4. Bd2 Be7 5. Bg2 d5 6. Bc3 dxc4 7. Nd2 Nd5 8. Nxc4 Nxc3 9. bxc3 0-0 10. Rb1 c6 11. Ne5 f6 12. Nd3 Kh8 13. Nf3 Na6 14. 0-0 Qa5 15. Qb3 g5 16. e4 g4 17. Nd2 Qg5 18. Nc4 h5 19. e5 Qf4 20. exf6 Rxf6 21. Nce5 Nc7 22. c4 a5 23. Rfe1 a4 24. Qd1 Qg5 25. Be4 Bd6 26. Nf4 Kg7 27. Bg6 Rxf4 28. gxf4 Qh4 29. Qd3 Qf6 30. Bxh5 Bxe5 31. Rxe5 Qh6 32. Rg5+ Kh8 33. Bxg4 Ra5 34. Rxa5 b5 35. cxb5 Qxf4 36. Qh3+ Kg7 37. b6 Nd5 38. b7 Bxb7 39. Rxb7+ Kf6 40. Qh4+ 1-0

[Event "Geller Memorial op-A 6th"]
[Site "Odessa"]
[Date "2010.08.21"]
[Round "1"]
[White "Aliferenko, Aleksei"]
[Black "Rudenkov, Sergei"]
[Result "1/2-1/2"]
[WhiteElo "2182"]
[BlackElo "1852"]
[PlyCount "82"]
[EventDate "2010.08.21"]
[EventType "swiss"]
[EventRounds "9"]
[EventCountry "UKR"]
[SourceTitle "CBM 138 Extra"]
[Source "ChessBase"]
[SourceDate "2010.10.29"]
[SourceVersion "1"]
[SourceVersionDate "2010.10.29"]
[SourceQuality "1"]

1. d4 d5 2. Nf3 Nf6 3. c4 c6 4. g3 e6 5. Qc2 Be7 6. Bg2 0-0 7. 0-0 Nbd7 8. Nbd2 b6 9. b3 Bb7 10. Bb2 Rc8 11. Rac1 c5 12. Qb1 dxc4 13. Nxc4 cxd4 14. Bxd4 Bc5 15. Rfd1 Qe7 16. Qb2 Rfd8 17. Bxc5 Nxc5 18. Qa3 Ba8 19. Nce5 h6 20. Ne1 Bxg2 21. Nxg2 Rxd1+ 22. Rxd1 Qc7 23. Nf3 Nce4 24. Ne3 Nd5 25. Nxd5 exd5 26. Nd4 Qe5 27. Qb2 h5 28. e3 h4 29. Rc1 Rc5 30. Re1 Ng5 31. Qe2 Ne6 32. Nxe6 fxe6 33. Qg4 hxg3 34. hxg3 Rc2 35. Re2 Rxe2 36. Qxe2 Qe4 37. Qa6 Qb1+ 38. Kh2 Qh7+ 39. Kg1 Qb1+ 40. Kg2 Qe4+ 41. Kf1 Qb1+ 1/2-1/2

[Event "Chojnice op-B"]
[Site "Chojnice"]
[Date "2009.07.13"]
[Round "3"]
[White "Rudenkov, Sergei"]
[Black "Bartoszek, Michal"]
[Result "1-0"]
[WhiteElo "1798"]
[BlackElo "1615"]
[PlyCount "53"]
[EventDate "2009.07.11"]
[EventType "swiss"]
[EventRounds "9"]
[EventCountry "POL"]
[SourceTitle "EXT 2011"]
[Source "ChessBase"]
[SourceDate "2010.11.26"]
[SourceVersion "1"]
[SourceVersionDate "2010.11.26"]
[SourceQuality "1"]

1. e4 c5 2. Nf3 d6 3. d4 cxd4 4. Nxd4 Nf6 5. Nc3 e6 6. f3 Be7 7. Be3 0-0 8. Qd2 a6 9. 0-0-0 Nc6 10. g4 Nd7 11. Kb1 Qc7 12. h4 Nxd4 13. Bxd4 Ne5 14. Be2 b5 15. g5 Nc4 16. Bxc4 bxc4 17. h5 f6 18. g6 h6 19. Be3 Rd8 20. Bxh6 Bf8 21. Bxg7 Bxg7 22. h6 Rd7 23. hxg7 Rxg7 24. Qh6 Kf8 25. Qh8+ Rg8 26. Qxf6+ Ke8 27. Rh7 1-0

[Event "Minsk Spring SDUSHOR Cup"]
[Site "Minsk"]
[Date "2009.05.19"]
[Round "9"]
[White "Ganichev, Aleksei"]
[Black "Rudenkov, Sergei"]
[Result "1-0"]
[WhiteElo "1949"]
[BlackElo "1810"]
[PlyCount "81"]
[EventDate "2009.05.11"]
[EventType "tourn"]
[EventRounds "9"]
[EventCountry "BLR"]
[SourceTitle "EXT 2022"]
[Source "ChessBase"]
[SourceDate "2021.10.06"]
[SourceVersion "1"]
[SourceVersionDate "2021.10.06"]
[SourceQuality "1"]

1. Nf3 Nf6 2. Nc3 d5 3. b3 c5 4. e3 Nc6 5. Bb5 Bg4 6. h3 Bh5 7. g4 Bg6 8. Bb2 a6 9. Bxc6+ bxc6 10. Na4 e6 11. Ne5 Qc7 12. d3 Bd6 13. f4 Bxe5 14. Bxe5 Qa5+ 15. Qd2 Qxd2+ 16. Kxd2 c4 17. bxc4 dxc4 18. Bxf6 gxf6 19. Nb6 Rd8 20. Nxc4 h5 21. Ke2 Ke7 22. Rab1 hxg4 23. hxg4 Rxh1 24. Rxh1 Rb8 25. a4 Rb4 26. a5 Rb5 27. Rh8 Rb1 28. Ra8 Rg1 29. Rxa6 Rxg4 30. Rxc6 Rg1 31. Kd2 Kd7 32. Rb6 Ra1 33. Kc3 Bh5 34. Kb2 Ra4 35. Rb5 Bg6 36. Nb6+ Kc6 37. c4 Rxa5 38. Rxa5 Kxb6 39. Ra3 e5 40. Kc3 exf4 41. exf4 1-0

[Event "Minsk Spring SDUSHOR Cup"]
[Site "Minsk"]
[Date "2009.05.12"]
[Round "2"]
[White "Rudenkov, Sergei"]
[Black "Medvedev, Oleg"]
[Result "0-1"]
[WhiteElo "1810"]
[BlackElo "1868"]
[PlyCount "88"]
[EventDate "2009.05.11"]
[EventType "tourn"]
[EventRounds "9"]
[EventCountry "BLR"]
[SourceTitle "EXT 2022"]
[Source "ChessBase"]
[SourceDate "2021.10.06"]
[SourceVersion "1"]
[SourceVersionDate "2021.10.06"]
[SourceQuality "1"]

1. e4 e6 2. d4 d5 3. Nc3 Bb4 4. e5 c5 5. a3 cxd4 6. axb4 dxc3 7. bxc3 Qc7 8. Nf3 Qxc3+ 9. Bd2 Qc7 10. Bd3 Ne7 11. 0-0 Ng6 12. Re1 Nd7 13. Qe2 0-0 14. h4 Re8 15. h5 Ngf8 16. Nd4 f6 17. Nb5 Qxe5 18. Qxe5 Nxe5 19. Nc7 Nxd3 20. cxd3 Bd7 21. Nxe8 Bxe8 22. h6 g6 23. Rec1 Bc6 24. Bc3 Nd7 25. f4 Kf7 26. g4 a6 27. Kf2 Ke7 28. f5 e5 29. fxg6 hxg6 30. Rd1 Rh8 31. Bd2 g5 32. Rh1 d4 33. Rh2 Kf7 34. Rg1 Kg6 35. Rg3 Rxh6 36. Rxh6+ Kxh6 37. Rh3+ Kg7 38. Ke2 Bb5 39. Kd1 Nf8 40. Ke2 Ng6 41. Rh1 Nh8 42. Rd1 Nf7 43. Bc1 Kg6 44. Rh1 Nh6 0-1